000 00684cam a2200193 4500
001 ##L132535
008 060216n1927 000 0 eng u
035 _a(Sirsi) u132535
041 0 _aeng
050 0 4 _a333.332 $2 22
110 2 _aIncorporated Society of Auctioneers and Landed Property Agents
_94878
245 0 4 _aThe monthly journal of the Incorporated Society of Auctioneers and Landed Property Agents
260 _aLondon
_bISALPA
_c1927
300 _a1
_fv
_bill
_c23cm.
490 0 _aISALPA
_v1(1-12)
520 _aFeaturing editorials and notices of acts, bills, annual dinner events presidential meetings and lectures.
690 _aAuctioneering
_96218
942 _n0
999 _c105173
_d105173